[Event "ICS rated blitz match"]
[Site "204.178.125.65"]
[Date "2000.04.18"]
[Round "?"]
[White "Drunk"]
[Black "Hossa"]
[Result "1/2-1/2"]
[WhiteElo "2464"]
[BlackElo "2486"]
[PlyCount "172"]
[EventDate "2000.??.??"]

1. e4 e5 2. Nf3 Nc6 3. Bb5 a6 4. Ba4 Nf6 5. O-O Be7 6. Re1 b5 7. Bb3 d6 8. c3
O-O 9. d4 Bg4 10. d5 Na5 11. Bc2 c6 12. h3 Bc8 13. a4 cxd5 14. exd5 Bb7 15.
axb5 axb5 16. Bd3 Bxd5 17. Bxb5 Qb6 18. Bd3 Nb3 19. Rxa8 Rxa8 20. Bg5 Ra5 21.
Bxf6 Bxf6 22. Bc2 Bxf3 23. Qxf3 Na1 24. b4 Nxc2 25. bxa5 Nxe1 26. Qxf6 Qb8 27.
Qf5 Qb7 28. f3 g6 29. Qe4 Qa7+ 30. Kf1 Nxf3 31. gxf3 Qxa5 32. c4 h5 33. Qd5 Qa1
34. Qd3 Kg7 35. Ke2 f5 36. Nd2 Qa6 37. Qd5 Qb6 38. Qb5 Qc7 39. Qe8 h4 40. Qe6
Qd8 41. c5 dxc5 42. Qxe5+ Kh7 43. Qxc5 Qe8+ 44. Kf2 Qd7 45. Qb4 g5 46. Kg2 Qc7
47. Nf1 Qe5 48. Kf2 Kh6 49. Qd2 Qc7 50. Kg2 Qe5 51. Qa2 Kg7 52. Qa7+ Kg6 53.
Qb6+ Kh5 54. Qe3 Qb2+ 55. Qf2 Qe5 56. Ne3 Kg6 57. Kh1 Kh5 58. Kg1 Kg6 59. Nf1
Qb5 60. f4 gxf4 61. Qxf4 Qb6+ 62. Ne3 Qb1+ 63. Kh2 Qe4 64. Qd6+ Kg5 65. Ng2 Qa4
66. Qd2+ Kg6 67. Qf2 Kg5 68. Qe3+ Kf6 69. Qe1 Kg5 70. Kg1 Qd4+ 71. Qf2 Qd1+ 72.
Qf1 Qd4+ 73. Kh1 Qd2 74. Kg1 Qd4+ 75. Qf2 Qd1+ 76. Qf1 Qd4+ 77. Kh2 Qd6+ 78.
Kg1 Qd4+ 79. Qf2 Qd1+ 80. Qf1 Qd4+ 81. Qf2 Qd1+ 82. Qf1 Qd4+ 83. Qf2 Qd1+ 84.
Qf1 Qd4+ 85. Qf2 Qd1+ 86. Qf1 Qd4+ 1/2-1/2

[Event "ICS rated blitz match"]
[Site "204.178.125.65"]
[Date "2000.04.18"]
[Round "?"]
[White "Hossa"]
[Black "Tinker"]
[Result "0-1"]
[WhiteElo "2485"]
[BlackElo "2364"]
[PlyCount "124"]
[EventDate "2000.??.??"]

1. e4 e5 2. Nf3 Nc6 3. Nc3 Nf6 4. Nxe5 Nxe5 5. d4 Ng6 6. e5 Ng8 7. Bc4 Bb4 8.
Qf3 Qe7 9. O-O Bxc3 10. bxc3 a6 11. Bd5 c6 12. Bb3 Ra7 13. Qg3 Kd8 14. Bg5 f6
15. exf6 gxf6 16. Rae1 Qg7 17. Qb8 fxg5 18. Qxa7 d5 19. c4 dxc4 20. Bxc4 Qc7
21. Qc5 N8e7 22. Qxg5 Bf5 23. Bb3 Kc8 24. Rxe7 Nxe7 25. Re1 Kd8 26. Re5 Bg6 27.
c3 Qd6 28. Qe3 Re8 29. Re6 Qc7 30. c4 Nf5 31. Rxe8+ Bxe8 32. Qd2 Bg6 33. Bc2
Nh4 34. Bb3 Be4 35. Qg5+ Qe7 36. Qg8+ Kd7 37. Qg4+ Bf5 38. Qd1 Qg7 39. g3 Bg4
40. Qb1 Nf3+ 41. Kh1 Qh6 42. h4 Nxh4 43. gxh4 Bf3+ 44. Kg1 Qg7+ 45. Kf1 Qg2+
46. Ke1 Qg1+ 47. Kd2 Qxb1 48. d5 Qe4 49. Bc2 Qxc4 50. dxc6+ Bxc6 51. Bxh7 Qxa2+
52. Ke3 Qe6+ 53. Kd4 Qf6+ 54. Kd3 Bb5+ 55. Kc2 Qf7 56. Bg8 Qxf2+ 57. Kc3 Qg3+
58. Kc2 Qxg8 59. Kb1 Qg2 60. Kc1 Bd3 61. Kd1 Qc2+ 62. Ke1 Qe2# {
Hossa checkmated} 0-1

[Event "ICS rated standard match"]
[Site "204.178.125.65"]
[Date "2000.04.18"]
[Round "?"]
[White "alkhateeb"]
[Black "Hossa"]
[Result "0-1"]
[WhiteElo "2393"]
[BlackElo "2318"]
[PlyCount "98"]
[EventDate "2000.??.??"]

1. d4 Nf6 2. Nf3 g6 3. c4 Bg7 4. Nc3 O-O 5. e4 d6 6. Be2 Na6 7. O-O e5 8. Re1
exd4 9. Nxd4 Re8 10. Bf1 Nc5 11. f3 Ne6 12. Be3 Bd7 13. Rc1 Nxd4 14. Bxd4 Bh6
15. Be3 Bxe3+ 16. Rxe3 Bc6 17. Qd4 a6 18. b4 Rb8 19. a4 Re6 20. b5 Bd7 21. Nd5
axb5 22. axb5 Ra8 23. g3 Ra4 24. Bh3 Nxd5 25. Qxd5 Re5 26. Qd1 Ra8 27. f4 Rc5
28. Bf1 Ra2 29. Ra1 Bg4 30. Qb1 Ra8 31. Rxa8 Qxa8 32. Qb2 b6 33. Ra3 Qxe4 34.
h3 Be6 35. Bg2 Qe1+ 36. Kh2 Bc8 37. Ra8 Qe6 38. Bb7 Qxh3+ 39. Kg1 Qxg3+ 40. Kf1
Qxf4+ 41. Qf2 Qc1+ 42. Kg2 Rg5+ 43. Kh2 Rh5+ 44. Kg2 Qh1+ 45. Kg3 Rh3+ 46. Kf4
Qc1+ 47. Ke4 Qxc4+ 48. Qd4 Qe6+ 49. Kf4 Qf5# 0-1

[Event "ICS rated blitz match"]
[Site "204.178.125.65"]
[Date "2000.04.18"]
[Round "?"]
[White "QueenMaxima"]
[Black "Hossa"]
[Result "0-1"]
[WhiteElo "2418"]
[BlackElo "2464"]
[PlyCount "114"]
[EventDate "2000.??.??"]

1. d4 Nf6 2. c4 d6 3. Nc3 e5 4. Nf3 Nbd7 5. e4 Be7 6. g3 exd4 7. Nxd4 O-O 8.
Bf4 Ne5 9. h3 Re8 10. Qe2 c5 11. Nb3 Be6 12. Nd5 Bxd5 13. exd5 Ng6 14. Be3 b5
15. O-O-O bxc4 16. Qxc4 Rb8 17. Bg2 Ne5 18. Qc3 Rb4 19. Kb1 Nc4 20. Rhe1 Nd7
21. Bc1 Qb8 22. f4 a5 23. Re4 Bf6 24. Qd3 Rxe4 25. Bxe4 Nf8 26. Qe2 a4 27. Bd3
Nxb2 28. Bxb2 Bxb2 29. Qxb2 axb3 30. Kc1 bxa2 31. Qxa2 Qb7 32. Re1 Rb3 33. Qc2
Qb4 34. Kd1 c4 35. Be4 Rb2 36. Qc1 Qb3+ 37. Bc2 Qf3+ 38. Re2 Ra2 39. Qb1 Qxd5+
40. Rd2 Qh1+ 41. Ke2 Qg2+ 42. Ke1 Qxg3+ 43. Kf1 Qxh3+ 44. Kg1 Ra3 45. Rh2 Qg4+
46. Kh1 Rh3 47. Qf1 Rxh2+ 48. Kxh2 Ne6 49. Qxc4 Qxf4+ 50. Qxf4 Nxf4 51. Kg3 g5
52. Kf3 h5 53. Bf5 Kg7 54. Be4 Kf6 55. Bh7 Ke5 56. Bg8 f5 57. Bc4 d5 {
QueenMaxima resigns} 0-1

[Event "ICS rated blitz match"]
[Site "204.178.125.65"]
[Date "2000.04.18"]
[Round "?"]
[White "Hossa"]
[Black "QueenMaxima"]
[Result "1-0"]
[WhiteElo "2478"]
[BlackElo "2404"]
[PlyCount "90"]
[EventDate "2000.??.??"]

1. e4 c5 2. Nf3 d6 3. d4 cxd4 4. Nxd4 Nf6 5. Nc3 Nc6 6. Be3 Ng4 7. Bb5 Nxe3 8.
fxe3 Bd7 9. O-O e6 10. Qd2 Be7 11. Rad1 O-O 12. Qf2 Qb6 13. a3 Bf6 14. Na4 Qc7
15. Nc3 Be5 16. g3 a6 17. Ba4 h6 18. Rd2 b5 19. Bb3 Na5 20. Ba2 Bf6 21. Qf3 Qb6
22. Qh5 Nc4 23. Bxc4 bxc4 24. Rb1 Bg5 25. Qf3 e5 26. Nd5 Qa5 27. b4 Qxa3 28.
Nf5 Bxf5 29. exf5 Rfe8 30. c3 Rec8 31. Qf2 Ra7 32. h4 Bxe3 33. Qxe3 Rb7 34. Qf2
Qa4 35. Nb6 Rxb6 36. Qxb6 Qa3 37. Qe3 Rd8 38. g4 a5 39. b5 Rb8 40. Kf1 Rb7 41.
g5 hxg5 42. hxg5 Rb8 43. Ke2 Ra8 44. b6 Rb8 45. Qh3 Rd8 {QueenMaxima resigns}
1-0

[Event "ICS rated blitz match"]
[Site "204.178.125.65"]
[Date "2000.04.18"]
[Round "?"]
[White "QueenMaxima"]
[Black "Hossa"]
[Result "0-1"]
[WhiteElo "2408"]
[BlackElo "2491"]
[PlyCount "56"]
[EventDate "2000.??.??"]

1. d4 d5 2. c4 e6 3. Nc3 Nf6 4. Nf3 Bb4 5. Bf4 dxc4 6. Qc2 Nd5 7. Bd2 Nc6 8. e4
Nb6 9. O-O-O O-O 10. Be3 Bd7 11. d5 exd5 12. Nxd5 Nxd5 13. exd5 Ne7 14. Qxc4 a5
15. Bd3 Nf5 16. Qc2 g6 17. Bf4 Bd6 18. Bxd6 cxd6 19. Kb1 a4 20. Rde1 Rc8 21.
Qd2 Rc5 22. Be4 a3 23. bxa3 Rb5+ 24. Kc1 Qf6 25. Kd1 Rb2 26. Qa5 Rxf2 27. Nd2
Qb2 28. Re2 Bb5 {QueenMaxima resigns} 0-1

[Event "ICS rated blitz match"]
[Site "204.178.125.65"]
[Date "2000.04.18"]
[Round "?"]
[White "PostModernist"]
[Black "Hossa"]
[Result "1-0"]
[WhiteElo "2589"]
[BlackElo "2503"]
[PlyCount "159"]
[EventDate "2000.??.??"]

1. e4 e5 2. d4 exd4 3. c3 dxc3 4. Bc4 cxb2 5. Bxb2 d6 6. Qb3 Qd7 7. Nc3 Nc6 8.
Nd5 Na5 9. Qg3 f6 10. Be2 c6 11. Nf4 Qe7 12. Bc3 b6 13. Qe3 Nh6 14. Nf3 Ng4 15.
Qd4 Nb7 16. O-O Nc5 17. Rfe1 a5 18. Rab1 b5 19. h3 Ne5 20. Nd2 Ne6 21. Qe3 g6
22. Nd3 Bg7 23. Nxe5 fxe5 24. Qb6 Ra6 25. Qe3 Nf4 26. Bf1 O-O 27. a4 Bh6 28.
Qg3 Nh5 29. Qd3 Qf7 30. Nf3 Nf4 31. Qxd6 Nxh3+ 32. gxh3 Qxf3 33. Qxe5 Qxf2+ 34.
Kh1 Qf3+ 35. Bg2 Qf4 36. Qh8+ Kf7 37. Qxh7+ Ke8 38. Qxg6+ Ke7 39. Rf1 c5 40.
Qh5 Qg5 41. Qxg5+ Bxg5 42. Rxf8 Kxf8 43. Rxb5 Rc6 44. Rb8 Ke7 45. e5 Bd7 46.
Rg8 Bf4 47. Rg7+ Ke8 48. Bxc6 Bxc6+ 49. Kg1 Bxa4 50. Rg4 Be3+ 51. Kh2 Bd1 52.
Re4 Bg5 53. Bxa5 Bf3 54. Ra4 Bc6 55. Rg4 Be3 56. h4 Bf3 57. Rg6 Be4 58. Re6+
Kd7 59. Rd6+ Ke7 60. Kg3 Ke8 61. Bd2 Bd4 62. Kf4 Bc2 63. Be3 Bxe3+ 64. Kxe3 Bb3
65. h5 c4 66. Kd4 Ke7 67. h6 Bc2 68. Ra6 Kf7 69. Ra7+ Kg8 70. e6 Kh8 71. h7 Bg6
72. e7 Bf7 73. Ke5 Be8 74. Ra8 Kxh7 75. Rxe8 Kg7 76. Rf8 Kg6 77. e8=Q+ Kg5 78.
Rg8+ Kh4 79. Qc8 c3 80. Qg4# {Hossa checkmated} 1-0

[Event "ICS rated blitz match"]
[Site "204.178.125.65"]
[Date "2000.04.18"]
[Round "?"]
[White "Hossa"]
[Black "Schleifer"]
[Result "0-1"]
[WhiteElo "2491"]
[BlackElo "2845"]
[PlyCount "76"]
[EventDate "2000.??.??"]

1. e4 d5 2. exd5 Qxd5 3. Nc3 Qd6 4. d4 Nf6 5. Nf3 Bf5 6. Ne5 e6 7. g4 Bg6 8.
Bf4 Qb4 9. Nxg6 hxg6 10. a3 Qb6 11. g5 Rh4 12. Be5 Nfd7 13. b4 Nxe5 14. dxe5 a5
15. Bb5+ Nc6 16. h3 axb4 17. axb4 Rxa1 18. Qxa1 Bxb4 19. O-O Bxc3 20. Bxc6+
Qxc6 21. Qa8+ Kd7 22. Rd1+ Bd4 23. Qa1 Qd5 24. c4 Qxe5 25. Kf1 Rf4 26. Qa4+ Ke7
27. Rd2 Qe3 28. Qb4+ Bc5 29. Qb2 Qxh3+ 30. Ke1 Qh1+ 31. Ke2 Re4+ 32. Kd3 Qh3+
33. Kc2 Rxc4+ 34. Kb1 Qf1+ 35. Rd1 Qxd1+ 36. Ka2 Ra4+ 37. Qa3 Qc2+ 38. Ka1
Rxa3# {Hossa checkmated} 0-1

[Event "ICS rated blitz match"]
[Site "204.178.125.65"]
[Date "2000.04.18"]
[Round "?"]
[White "QueenMaxima"]
[Black "Hossa"]
[Result "1-0"]
[WhiteElo "2397"]
[BlackElo "2487"]
[PlyCount "141"]
[EventDate "2000.??.??"]

1. d4 Nf6 2. c4 d6 3. Nc3 e5 4. g3 exd4 5. Qxd4 Nc6 6. Qd2 Be6 7. Nd5 Ne5 8. b3
Ne4 9. Qe3 f5 10. Nf4 Ng4 11. Qd4 Bf7 12. f3 Be7 13. Nd5 Bxd5 14. Qxd5 Bf6 15.
Rb1 Bc3+ 16. Kd1 Ngf2+ 17. Kc2 Nc5 18. Kxc3 Nxh1 19. Qxf5 g6 20. Qg5 Qxg5 21.
Bxg5 Ne6 22. Be3 Ng7 23. Bg2 Nf5 24. Bf4 Nhxg3 25. hxg3 Ng7 26. e4 Ne6 27. Bh6
a6 28. Ne2 b5 29. Bh3 Nd8 30. Bg7 Rg8 31. Bd4 Rf8 32. Rf1 bxc4 33. Kxc4 Nc6 34.
Bc3 Rb8 35. Nf4 Nd8 36. Nd5 Rf7 37. Nf6+ Ke7 38. e5 dxe5 39. Nd7 Rb5 40. Nxe5
Rf6 41. Re1 Rd6 42. Nxg6+ Kf7 43. Ne5+ Kg7 44. Bd7 Rbb6 45. Nc6+ Kh6 46. Rh1+
Kg5 47. f4+ Kg6 48. Ne7+ Kf7 49. Rxh7+ Kf8 50. Nd5 Nf7 51. Nxb6 Rxb6 52. g4 Kg8
53. Rg7+ Kf8 54. f5 Rd6 55. Be6 Nd8 56. Rg8+ Ke7 57. Bb4 Nxe6 58. Bxd6+ cxd6
59. fxe6 Kxe6 60. Ra8 Ke5 61. Rxa6 Kf4 62. b4 Ke5 63. Ra5+ Kf4 64. g5 Ke3 65.
g6 Kd2 66. g7 Kc2 67. g8=Q d5+ 68. Rxd5 Kb2 69. Qg2+ Kc1 70. Kc3 Kb1 71. Rd1# {
Hossa checkmated} 1-0

[Event "ICS rated blitz match"]
[Site "204.178.125.65"]
[Date "2000.04.18"]
[Round "?"]
[White "Hossa"]
[Black "QueenMaxima"]
[Result "1-0"]
[WhiteElo "2467"]
[BlackElo "2441"]
[PlyCount "87"]
[EventDate "2000.??.??"]

1. e4 c5 2. Nf3 d6 3. d4 cxd4 4. Nxd4 Nf6 5. Nc3 Nc6 6. Be3 Ng4 7. Bb5 Nxe3 8.
fxe3 Bd7 9. O-O e6 10. Qd2 Be7 11. Rad1 O-O 12. Qf2 Qb6 13. a3 Bf6 14. Na4 Qa5
15. Nc3 Be5 16. g3 Qb6 17. Na4 Qc7 18. Nc3 a6 19. Bc4 Bf6 20. Bb3 Ne7 21. Ba4
b5 22. Bb3 Qc5 23. Rd2 Rfd8 24. e5 Qxe5 25. Nf3 Qf5 26. e4 Qh5 27. Rxd6 Bxc3
28. bxc3 Nc8 29. Rd3 Kh8 30. Qd2 Nb6 31. Ng5 Rf8 32. Rdf3 f6 33. Bxe6 Rad8 34.
Qf4 Bc8 35. Qf5 Qh6 36. Qc5 Na4 37. Qe3 Qg6 38. e5 Bb7 39. Rf5 Rde8 40. Qd4 Nb2
41. exf6 Rxf6 42. Rxf6 gxf6 43. Rxf6 Qg7 44. Nf7+ {QueenMaxima resigns} 1-0

[Event "ICS rated blitz match"]
[Site "204.178.125.65"]
[Date "2000.04.18"]
[Round "?"]
[White "QueenMaxima"]
[Black "Hossa"]
[Result "0-1"]
[WhiteElo "2426"]
[BlackElo "2482"]
[PlyCount "95"]
[EventDate "2000.??.??"]

1. d4 d5 2. c4 e6 3. Nc3 Nf6 4. Nf3 Be7 5. Bg5 h6 6. Bxf6 Bxf6 7. e3 Nc6 8. Qb3
Na5 9. Qa4+ c6 10. cxd5 b5 11. Nxb5 cxb5 12. Bxb5+ Kf8 13. dxe6 Bxe6 14. O-O
Rb8 15. Rfd1 Kg8 16. Rd2 h5 17. Rc2 Be7 18. Ne5 Rh6 19. Nd3 a6 20. Be8 Nb3 21.
Re1 Qxe8 22. axb3 Bxb3 23. Qxe8+ Rxe8 24. Rc3 Rb6 25. Rec1 Be6 26. Rc6 Rxc6 27.
Rxc6 a5 28. Rc7 a4 29. Ra7 Bb3 30. Nc1 Bd6 31. Nxb3 axb3 32. g3 Rb8 33. Kg2 Bb4
34. Ra1 Kf8 35. h3 Ke8 36. g4 h4 37. d5 Bd6 38. Ra4 Be7 39. Re4 Rb4 40. Kf3 Kd7
41. Re5 Bf6 42. Rf5 Ke7 43. Ke2 Bxb2 44. Kd2 Kd6 45. Rxf7 Ba3 46. Rf4 Rb5 47.
Ra4 b2 48. Ra6+ {QueenMaxima resigns} 0-1

[Event "ICS rated blitz match"]
[Site "204.178.125.65"]
[Date "2000.04.18"]
[Round "?"]
[White "Hossa"]
[Black "Drunk"]
[Result "1-0"]
[WhiteElo "2495"]
[BlackElo "2439"]
[PlyCount "107"]
[EventDate "2000.??.??"]

1. e4 c6 2. d4 d5 3. Nc3 dxe4 4. Nxe4 Bf5 5. Ng3 Bg6 6. h4 h6 7. Nf3 Nd7 8. h5
Bh7 9. Bd3 Bxd3 10. Qxd3 e6 11. Bd2 Ngf6 12. O-O-O Be7 13. Ne4 Nxe4 14. Qxe4
Nf6 15. Qe2 Qd5 16. c4 Qe4 17. Rde1 Qxe2 18. Rxe2 Rd8 19. Bf4 c5 20. Be5 cxd4
21. Bxd4 Rc8 22. b3 Ba3+ 23. Kb1 b6 24. Bxf6 gxf6 25. Rd1 Rd8 26. Rxd8+ Kxd8
27. Nd4 a5 28. Rd2 Kc8 29. Nb5 Bb4 30. Rd3 Rg8 31. Na7+ Kc7 32. a3 Be1 33. Nb5+
Kc8 34. Nd6+ Kc7 35. f3 Rxg2 36. Nxf7 Bh4 37. Nxh6 Rg1+ 38. Kc2 Rg5 39. Nf7
Rxh5 40. f4 e5 41. fxe5 fxe5 42. Rh3 e4 43. b4 Kd7 44. bxa5 bxa5 45. Kb3 Kc6
46. Re3 Bf6 47. Rxe4 Rh3+ 48. Ka4 Be7 49. Rxe7 Kc5 50. Rc7+ Kd4 51. Nd6 Rh5 52.
Nb5+ Ke5 53. Rc5+ Ke6 54. Rxh5 {Drunk resigns} 1-0

[Event "ICS rated standard match"]
[Site "204.178.125.65"]
[Date "2000.04.18"]
[Round "?"]
[White "Hossa"]
[Black "rasputin-DD"]
[Result "1-0"]
[WhiteElo "2337"]
[BlackElo "2272"]
[PlyCount "41"]
[EventDate "2000.??.??"]

1. e4 c6 2. d4 c5 3. dxc5 Qa5+ 4. Nc3 e6 5. e5 Nc6 6. Nf3 Bxc5 7. Bd2 f6 8. Ne4
Qb6 9. a4 Nd4 10. Nxd4 Bxd4 11. a5 Qc6 12. Nd6+ Kf8 13. Bb4 Bc5 14. c3 fxe5 15.
Bxc5 Qxc5 16. a6 Qc6 17. Be2 e4 18. Ra4 Ke7 19. Nxc8+ Qxc8 20. Qd4 Nf6 21. Qb4+
{rasputin-DD resigns} 1-0

[Event "ICS rated standard match"]
[Site "204.178.125.65"]
[Date "2000.04.18"]
[Round "?"]
[White "rasputin-DD"]
[Black "Hossa"]
[Result "0-1"]
[WhiteElo "2259"]
[BlackElo "2350"]
[PlyCount "68"]
[EventDate "2000.??.??"]

1. d4 Nf6 2. Nf3 g6 3. c4 Bg7 4. Nc3 O-O 5. e4 d6 6. Be2 Na6 7. O-O e5 8. d5
Nc5 9. Qc2 a5 10. Bg5 a4 11. Nd2 a3 12. b4 Na6 13. Qb3 c5 14. dxc6 bxc6 15.
Qxa3 Nc7 16. Qb3 Ne6 17. Be3 Nd4 18. Qd1 Kh8 19. f3 Be6 20. Nb3 Nxe2+ 21. Qxe2
Qc7 22. Rfc1 Kg8 23. Nd5 Qd8 24. Nb6 Rb8 25. c5 d5 26. Bg5 dxe4 27. Rd1 exf3
28. Qxf3 Bd5 29. Nxd5 cxd5 30. Bxf6 Qxf6 31. Qxf6 Bxf6 32. a3 d4 33. c6 Rfc8
34. Rab1 Rxc6 {rasputin-DD resigns} 0-1

[Event "ICS rated blitz match"]
[Site "204.178.125.65"]
[Date "2000.04.18"]
[Round "?"]
[White "Hossa"]
[Black "QueenMaxima"]
[Result "1-0"]
[WhiteElo "2516"]
[BlackElo "2463"]
[PlyCount "81"]
[EventDate "2000.??.??"]

1. e4 c5 2. Nf3 d6 3. d4 cxd4 4. Nxd4 Nf6 5. Nc3 Nc6 6. Be3 Ng4 7. Bb5 Nxe3 8.
fxe3 Bd7 9. O-O e6 10. Qd2 Be7 11. Rad1 O-O 12. Qf2 Qb6 13. a3 Bf6 14. Na4 Qa5
15. Nc3 Rab8 16. g3 Qb6 17. Nde2 Qc5 18. b4 Qe5 19. Nd4 Rbc8 20. Bxc6 Bxc6 21.
Qf3 Bg5 22. h4 Bh6 23. g4 f6 24. Rd3 Bd7 25. Rf2 Bc6 26. Rf1 Qf5 27. gxf5 e5
28. Ne6 Rf7 29. Rxd6 Be8 30. Nd5 Kh8 31. Rd8 Rxd8 32. Nxd8 Rd7 33. Ne6 b6 34.
Rd1 Rf7 35. Kh2 Rd7 36. Ndc7 Rxd1 37. Qxd1 Bg5 38. Qd6 Bf4+ 39. exf4 Bf7 40.
Qf8+ Bg8 41. Qxg7# 1-0

[Event "ICS rated blitz match"]
[Site "204.178.125.65"]
[Date "2000.04.18"]
[Round "?"]
[White "QueenMaxima"]
[Black "Hossa"]
[Result "1-0"]
[WhiteElo "2449"]
[BlackElo "2530"]
[PlyCount "127"]
[EventDate "2000.??.??"]

1. d4 Nf6 2. c4 d6 3. Nc3 Nbd7 4. e4 e5 5. d5 Be7 6. f3 c6 7. Be3 O-O 8. Nge2
Nb6 9. Ng3 Bd7 10. Bd3 cxd5 11. exd5 Qc7 12. Qb3 Rfc8 13. Bxb6 axb6 14. O-O-O
b5 15. cxb5 Qc5 16. Kb1 Bd8 17. Nf5 g6 18. Ng3 Qa7 19. Nge4 Ne8 20. h3 f5 21.
Nd2 Qf2 22. Rhg1 Bg5 23. Rgf1 Qd4 24. Nc4 Kh8 25. g3 Be7 26. Na4 Bd8 27. Be2
Qa7 28. Nc3 Qc5 29. Rc1 Nf6 30. Rfd1 b6 31. Rc2 f4 32. g4 Bc7 33. h4 Bb8 34.
Na4 Rxa4 35. Qxa4 Ne8 36. Qb3 Qf2 37. Bf1 Qg1 38. Rdc1 Rc5 39. Be2 Qd4 40. Rd2
Qf2 41. Rf1 Qxh4 42. Nxb6 Qd8 43. Nxd7 Qxd7 44. Rc1 Rxc1+ 45. Kxc1 Nf6 46. a4
Qd8 47. b6 Nd7 48. a5 Nc5 49. Qc2 Kg8 50. b4 Nd7 51. b7 Bc7 52. a6 Qb8 53. Qc6
Nf6 54. Ra2 Qa7 55. Qxc7 Ne8 56. Qd8 Qe3+ 57. Kb1 Qg1+ 58. Kc2 Qe1 59. Qxe8+
Kg7 60. Qb5 h5 61. b8=Q hxg4 62. Qd7+ Kh6 63. Qf8+ Kh5 64. Qxg4# {
Hossa checkmated} 1-0

[Event "ICS rated blitz match"]
[Site "204.178.125.65"]
[Date "2000.04.18"]
[Round "?"]
[White "Hossa"]
[Black "sergor"]
[Result "1-0"]
[WhiteElo "2510"]
[BlackElo "2285"]
[PlyCount "59"]
[EventDate "2000.??.??"]

1. e4 c6 2. d4 d5 3. Nc3 dxe4 4. Nxe4 Bf5 5. Ng3 Bg6 6. h4 h6 7. Nf3 Nd7 8. h5
Bh7 9. Bd3 Bxd3 10. Qxd3 e6 11. Bd2 Ngf6 12. O-O-O Bd6 13. Ne4 Nxe4 14. Qxe4
Nf6 15. Qe2 Qc7 16. Kb1 O-O-O 17. Rh4 Kb8 18. c4 c5 19. Bc3 cxd4 20. Rhxd4 Ka8
21. Rh4 Be7 22. Be5 Rxd1+ 23. Qxd1 Rd8 24. Qe2 Qc6 25. Bc3 a6 26. Ne5 Qxg2 27.
Nxf7 Qg1+ 28. Be1 Re8 29. Ne5 Bb4 30. Nf3 {sergor resigns} 1-0

[Event "ICS rated blitz match"]
[Site "204.178.125.65"]
[Date "2000.04.19"]
[Round "?"]
[White "QueenMaxima"]
[Black "Hossa"]
[Result "0-1"]
[WhiteElo "2473"]
[BlackElo "2517"]
[PlyCount "60"]
[EventDate "2000.??.??"]

1. d4 Nf6 2. c4 Nc6 3. Nc3 e5 4. d5 Ne7 5. g3 Ng6 6. Bg2 Bb4 7. Bd2 O-O 8. Nf3
d6 9. O-O Bxc3 10. Bxc3 Bg4 11. Qb3 Qc8 12. Rfe1 Rd8 13. Nd2 b6 14. Ne4 Nxe4
15. Bxe4 Bh3 16. Qa4 f5 17. Bc2 a5 18. Kh1 Rf8 19. Qb5 f4 20. Bxg6 hxg6 21. Kg1
Qf5 22. f3 fxg3 23. hxg3 e4 24. f4 Qg4 25. Kh2 Rxf4 26. Bd4 Raf8 27. Qb3 Bf1
28. Rxf1 Qxe2+ 29. Kh3 Rxf1 30. Qf3 exf3 {QueenMaxima resigns} 0-1

[Event "ICS rated blitz match"]
[Site "204.178.125.65"]
[Date "2000.04.19"]
[Round "?"]
[White "Hossa"]
[Black "Beadle"]
[Result "0-1"]
[WhiteElo "2531"]
[BlackElo "2535"]
[PlyCount "144"]
[EventDate "2000.??.??"]

1. e4 c5 2. Nf3 e6 3. d4 cxd4 4. Nxd4 Nc6 5. Nc3 a6 6. Be2 Qc7 7. Be3 Bb4 8.
Nxc6 Bxc3+ 9. bxc3 bxc6 10. Bd4 Nf6 11. e5 Nd5 12. c4 Nf4 13. O-O c5 14. Bf3
Rb8 15. Bc3 Bb7 16. Rb1 O-O 17. Bxb7 Rxb7 18. Qd2 g5 19. Rb3 Qc6 20. f3 h6 21.
Rd1 Rfb8 22. Qf2 Kh8 23. Ba5 Qc8 24. Rd6 Ng6 25. Qe3 Nh4 26. g4 Rxb3 27. axb3
Qb7 28. Kf2 Qa7 29. Qd2 Rb7 30. Bd8 Qa8 31. Bf6+ Kg8 32. Qe3 Rc7 33. Qd3 a5 34.
h3 a4 35. bxa4 Qxa4 36. Rb6 Qa8 37. Qb3 Qe8 38. f4 Ng6 39. fxg5 hxg5 40. Qe3
Nf4 41. Bxg5 Ng6 42. Bf6 Qf8 43. Rd6 Qa8 44. Qh6 Qf8 45. Qd2 Qa8 46. Qe1 Qa3
47. Qb1 Qa8 48. h4 Nf4 49. Qf1 Qe4 50. h5 Ra7 51. h6 Ra1 52. Rd1 Ra3 53. Rd3
Nxd3+ 54. Qxd3 Qf4+ 55. Ke2 Qxg4+ 56. Ke3 Qg3+ 57. Ke2 Qh2+ 58. Ke3 Qxh6+ 59.
Ke2 Qh2+ 60. Ke3 Rxd3+ 61. cxd3 d6 62. Bd8 dxe5 63. Ba5 f5 64. Be1 Qg2 65. Bf2
f4+ 66. Ke2 e4 67. dxe4 f3+ 68. Ke3 e5 69. Kd2 Qxf2+ 70. Kc3 Qa2 71. Kd3 Qb2
72. Ke3 Qe2# {Hossa checkmated} 0-1

[Event "ICS rated blitz match"]
[Site "204.178.125.65"]
[Date "2000.04.19"]
[Round "?"]
[White "Tinker"]
[Black "Hossa"]
[Result "0-1"]
[WhiteElo "2389"]
[BlackElo "2515"]
[PlyCount "70"]
[EventDate "2000.??.??"]

1. e4 e5 2. Nf3 Nc6 3. Bc4 Bc5 4. Nc3 Nf6 5. Ng5 O-O 6. Na4 Be7 7. Nc3 Bb4 8.
h4 h6 9. Nxf7 Rxf7 10. Bxf7+ Kxf7 11. Nd5 Nxe4 12. Qh5+ Kg8 13. Qf5 Nd6 14. Qg4
Ba5 15. b4 Nd4 16. Qg6 Bb6 17. Bb2 Nc4 18. Bxd4 exd4 19. Qe4 c6 20. O-O-O d6
21. Ne7+ Kf8 22. Nxc8 Qxc8 23. Qf3+ Kg8 24. Qb3 d5 25. d3 Ne5 26. f3 a5 27. b5
a4 28. Qb2 a3 29. Qb3 Ba5 30. Rhf1 Bc3 31. g3 Ra5 32. bxc6 bxc6 33. h5 Rb5 34.
Qxa3 Qb7 35. Qb3 Qa6 {Tinker resigns} 0-1

[Event "ICS rated blitz match"]
[Site "204.178.125.65"]
[Date "2000.04.19"]
[Round "?"]
[White "Hossa"]
[Black "Tinker"]
[Result "1-0"]
[WhiteElo "2525"]
[BlackElo "2379"]
[PlyCount "87"]
[EventDate "2000.??.??"]

1. e4 e5 2. Nf3 Nc6 3. Nc3 Nf6 4. Nxe5 Nxe5 5. d4 Ng6 6. e5 Ng8 7. Bc4 Bb4 8.
Qf3 Qe7 9. O-O Bxc3 10. bxc3 Nh4 11. Qg3 Nf5 12. Qg4 d6 13. exd6 Qxd6 14. Bf4
Qb6 15. Rab1 Qa5 16. Qh5 g6 17. Qe2+ Nge7 18. g4 Ng7 19. Bh6 Ne6 20. d5 Nxd5
21. Qe5 Qxc3 22. Qxd5 Qh3 23. Bb5+ Ke7 24. g5 c6 25. Qe5 Qg4+ 26. Kh1 Rg8 27.
Bd3 Qf3+ 28. Kg1 Qg4+ 29. Kh1 Qh5 30. Qg3 Kd7 31. Rb4 Rd8 32. Rh4 Qxh4 33. Qxh4
Rg8 34. Bc4 Ke8 35. Qg3 Bd7 36. Bxe6 Bxe6 37. Qc7 Rc8 38. Qxb7 Bd5+ 39. Kg1 Be6
40. Qxa7 Rd8 41. Qb7 Rc8 42. a4 Kd8 43. Rd1+ Ke8 44. a5 {Tinker resigns} 1-0

[Event "ICS rated blitz match"]
[Site "204.178.125.65"]
[Date "2000.04.19"]
[Round "?"]
[White "PostModernist"]
[Black "Hossa"]
[Result "1/2-1/2"]
[WhiteElo "2616"]
[BlackElo "2535"]
[PlyCount "259"]
[EventDate "2000.??.??"]

1. d4 d5 2. Nf3 Nf6 3. e3 e6 4. Bd3 c5 5. c3 Be7 6. Nbd2 Nc6 7. O-O O-O 8. dxc5
Bxc5 9. e4 Bd7 10. exd5 exd5 11. Nb3 Bd6 12. Bc2 Bg4 13. h3 Bxf3 14. Qxf3 Qe7
15. Bd2 Rfe8 16. Rae1 Ne4 17. Qf5 Rad8 18. Bxe4 dxe4 19. f3 Qe5 20. Qxe5 Nxe5
21. Rxe4 Nd3 22. Bg5 Rxe4 23. fxe4 f6 24. Bc1 Re8 25. Rd1 Nxc1 26. Rxd6 Nxb3
27. axb3 Rxe4 28. Rd7 Re2 29. Rxb7 Rxb2 30. c4 Kf8 31. c5 a6 32. b4 f5 33. c6
Rc2 34. Rb6 Ke7 35. Rxa6 Kd6 36. Ra7 Rc1+ 37. Kf2 Rc2+ 38. Kf3 Rxc6 39. Rxg7
Rb6 40. Rxh7 Rxb4 41. Rh8 Ke5 42. Re8+ Kf6 43. g3 Rd4 44. h4 Rc4 45. Rf8+ Ke6
46. Rd8 Rg4 47. h5 Rg5 48. h6 Rh5 49. Ra8 Kf7 50. Ra6 Rg5 51. h7 Rh5 52. Ra7+
Kf6 53. Kf4 Kg6 54. Ke5 Rh2 55. Ra6+ Kxh7 56. Kxf5 Rf2+ 57. Kg5 Kg8 58. Kg6 Rf8
59. g4 Re8 60. g5 Rf8 61. Kh6 Re8 62. g6 Rf8 63. Rc6 Re8 64. g7 Rd8 65. Rf6 Re8
66. Ra6 Rd8 67. Rb6 Re8 68. Rf6 Rd8 69. Re6 Rc8 70. Rd6 Re8 71. Rb6 Rd8 72. Ra6
Re8 73. Rd6 Rc8 74. Re6 Rd8 75. Re7 Rd6+ 76. Kg5 Rd5+ 77. Kf6 Rd6+ 78. Ke5 Rg6
79. Kf5 Rxg7 80. Re1 Rh7 81. Kg6 Rg7+ 82. Kf6 Rg4 83. Rf1 Rh4 84. Rf5 Rh3 85.
Rg5+ Kh8 86. Rg1 Rh2 87. Kg6 Rf2 88. Rg4 Rh2 89. Rf4 Rg2+ 90. Kf6 Rg1 91. Kf7
Rh1 92. Kg6 Rg1+ 93. Kf6 Re1 94. Rf2 Rg1 95. Kf7 Rh1 96. Kg6 Rg1+ 97. Kf6 Re1
98. Rg2 Rf1+ 99. Kg6 Rh1 100. Rg3 Rf1 101. Rg4 Rh1 102. Rg2 Rf1 103. Rg5 Rh1
104. Rf5 Rg1+ 105. Kf6 Re1 106. Rf3 Rg1 107. Kf7 Rh1 108. Kg6 Rg1+ 109. Kf6 Re1
110. Rg3 Rd1 111. Rg4 Rf1+ 112. Ke6 Re1+ 113. Kf5 Rd1 114. Rg3 Rh1 115. Ke6 Rf1
116. Kd5 Rh1 117. Kd6 Rf1 118. Kc5 Rh1 119. Kd5 Rd1+ 120. Ke5 Re1+ 121. Kf4 Rc1
122. Rf3 Rd1 123. Kf5 Rc1 124. Ke6 Re1+ 125. Kf5 Rc1 126. Re3 Rd1 127. Kf6 Rf1+
128. Ke6 Rg1 129. Ke5 Rb1 130. Kd6 1/2-1/2